01989nam a2200541 i 450000100060000000300090000600500170001500800390003201500180007103500230008903500360011203500140014803500210016203500230018303500440020604000280025004600090027808000120028708000110029908000120031010000440032224500860036626000480045230000410050033600270054133700540056833800280062238000160065038000270066638500390069338800140073238800140074649000920076050400240085265000290087665000240090565500350092965500200096465800280098465800200101271000740103283000920110685600980119894200120129699900170130895200610132595200610138632656KOSZ 00520221020121542.0980417s1997 pl a f f |000 0 pol aUWD 1998/4254 a991003543969705066 a(PL-WaBN)b10950114-48omnis_nlop ab10950114 a(OCoLC)830088375 a(PL)b0000001095011 a(EXLNZ-48OMNIS_NETWORK)9910034793205606 aWA NcWA NdKOSZ 005/HR k1997 a62-1/-8 a378.22 a(075.8)1 aŻółtowski, Bogdand(1947- )eAutor10aSeminarium dyplomowe :bzasady pisania prac dyplomowych /cBogdan Żółtowski. aBydgoszcz :bWydaw. Uczelniane AT-R,c1997. a147, [4] s. :brys., wykr. ;c24 cm. aTekstbtxt2rdacontent aBez urządzenia pośredniczącegobn2rdamedia aWoluminbnc2rdacarrier aKsiążki aPublikacje dydaktyczne mPoziom nauczaniaaSzkoły wyższe a1901-2000 a1989-20001 aSkrypty / Akademia Techniczno-Rolnicza im. Jana i Jędrzeja Śniadeckich w Bydgoszczy aBibliogr. s. [149]. 7aMechanika stosowana2DBN 7aSeminaria dyplomowe 7aPodręczniki akademickie2DBN 7aPraca dyplomowa aInżynieria i technika aNauka i badania2 aWydawnictwa Uczelniane Akademii Techniczno-Rolniczej (Bydgoszcz)4pbl 0aSkrypty - Akademia Techniczno-Rolnicza im. Jana i Jędrzeja Śniadeckich w Bydgoszczy uhttp://koha.tu.koszalin.pl/cgi-bin/koha/opac-detail.pl?biblionumber=32656yKatalog online BPK 2UKDcKS c32656d32656 00104070aBPKbBPKcwo41827p01294484s2021-01-22yKS 00104071aBPKbBPKceho41828p01294477t378.22 PdyKS